<?xml version="1.0" encoding="UTF-8"?><?xml-stylesheet type="text/xsl" href="static/style.xsl"?><OAI-PMH xmlns="http://www.openarchives.org/OAI/2.0/" xmlns:xsi="http://www.w3.org/2001/XMLSchema-instance" xsi:schemaLocation="http://www.openarchives.org/OAI/2.0/ http://www.openarchives.org/OAI/2.0/OAI-PMH.xsd"><responseDate>2026-06-03T07:33:29Z</responseDate><request verb="GetRecord" identifier="oai:riuma.uma.es:10630/38090" metadataPrefix="marc">https://riuma.uma.es/rest/oai/request</request><GetRecord><record><header><identifier>oai:riuma.uma.es:10630/38090</identifier><datestamp>2026-02-03T11:43:58Z</datestamp><setSpec>com_10630_2254</setSpec><setSpec>col_10630_37956</setSpec></header><metadata><record xmlns="http://www.loc.gov/MARC21/slim" xmlns:dcterms="http://purl.org/dc/terms/" xmlns:doc="http://www.lyncode.com/xoai" xmlns:xsi="http://www.w3.org/2001/XMLSchema-instance" xsi:schemaLocation="http://www.loc.gov/MARC21/slim http://www.loc.gov/standards/marcxml/schema/MARC21slim.xsd">
   <leader>00925njm 22002777a 4500</leader>
   <datafield ind2=" " ind1=" " tag="042">
      <subfield code="a">dc</subfield>
   </datafield>
   <datafield ind2=" " ind1=" " tag="720">
      <subfield code="a">Márquez-Lobillo, Patricia</subfield>
      <subfield code="e">author</subfield>
   </datafield>
   <datafield ind2=" " ind1=" " tag="260">
      <subfield code="c">2023</subfield>
   </datafield>
   <datafield ind2=" " ind1=" " tag="520">
      <subfield code="a">El sector del transporte aéreo ha sido, sin duda, uno de los más afectados por las restricciones de movilidad impuestas para frenar los efectos de la Covid-19. Las compañías tuvieron que asumir las consecuencias económicas de las innumerables cancelaciones de vuelo, y el costo de las reclamaciones que los pasajeros por incumplimiento de los contratos de pasaje. El conflicto de intereses se evidenciaba y obligó a la adopción de medidas ad hoc con las que se pretendía garantizar la viabilidad del sector, y, a su vez, proteger a los pasajeros aéreos. Nos proponemos el examen de dichas medidas, con perspectiva crítica  y de futuro, conscientes de que los objetivos eran buenos, no así las medidas propuestas, si tomamos como referencia los resultados; conscientes de que no sabemos si hemos aprendido algo para futuras pandemias.</subfield>
   </datafield>
   <datafield ind1="8" ind2=" " tag="024">
      <subfield code="a">MARQUEZ LOBILLO, P., “Los derechos del pasajero ante la cancelación de vuelos por la Covid-19”, en AA.VV. El Derecho mercantil y la pandemia: problemas del pasado, la crisis coyuntural y las perspectivas futuras, Guerrero Lebrón, Mª J. y Alvarado Herrera, L. (dirs.), Colex, 2023, págs. 705 a 717.</subfield>
   </datafield>
   <datafield ind1="8" ind2=" " tag="024">
      <subfield code="a">978-84-1359-758-4</subfield>
   </datafield>
   <datafield ind1="8" ind2=" " tag="024">
      <subfield code="a">https://d2eb79appvasri.cloudfront.net/erp-colex/openaccess/libros/5016.pdf</subfield>
   </datafield>
   <datafield ind1="8" ind2=" " tag="024">
      <subfield code="a">https://hdl.handle.net/10630/38090</subfield>
   </datafield>
   <datafield tag="653" ind2=" " ind1=" ">
      <subfield code="a">Contratos de transportes aéreos - Derecho y legislación</subfield>
   </datafield>
   <datafield ind2="0" ind1="0" tag="245">
      <subfield code="a">Los derechos del pasajero ante la cancelación de los vuelos por la Covid-19.</subfield>
   </datafield>
</record>
</metadata></record></GetRecord></OAI-PMH>